000 01844cam a22004934i 4500
003 PE-LiUPU
005 20250731173330.0
008 150625s r 000 0 d
020 _a8428406286
035 _a(Sirsi) i9788428406284
040 _aPE-LiUPU
_bspa
_cPE-LiUPU
_erda
049 _aPRUA
082 0 4 _a241
_bE
_221
245 0 3 _aLa ética cristiana hoy: horizontes de sentido :
_bHomenaje a Marciano Vidal /
_cdirigido por Miguel Rubio, Vicente garcía y Vicente G. Mier.
264 1 _aMadrid :
_bPerpetuo Socorro,
_c2003.
300 _a1028 páginas :
_bilustraciones, foto ;
_c25 centímetros
300 _aCD-ROM
336 _atext
_2rdacontent
337 _aunmediated
_2rdamedia
338 _avolume
_2rdacarrier
504 _aIncluye bibliografía.
505 0 _aLa persona y el teólogo. -Las fuentes de la moral cristiana. -La fundamentación de la moral cristiana. -La persona, centro de la moral cristiana. -La sociedad y sus dimensiones morales. -Moral cristiana y diálogo interdisciplinar. .
526 _aSEG42
526 _aSEG41
526 _aSEG40
526 _aSEG39
526 _aP94
526 _aP87
526 _aP86
526 _aP85
526 _aP77
526 _aP76
526 _aP35
650 0 4 _aEtica cristiana.
_91047
700 1 _aGarcía, Vicente,
_edirector.
700 1 _aMier, Vicente G.,
_edirector.
700 1 _aRubio, Miguel,
_edir
942 _2ddc
_cBOOK
949 _a241 E
_wDEWEY
_c1
_i59243
_lCCODEBUL1
_mBUL
_r0
_sY
_tBOOK
_u2015-6-25
_xTEOLOGIA
_PP35
_0COMPRA
_o.STAFF. Colección General
994 _aC0
_bPEPRU
596 _a1
999 _a241 E
_wDEWEY
_c48033
_i59243
_d48033
_f2021-11-10
_g5
_lCCODEBUL1
_mBUL
_q2
_r0
_sY
_tBOOK
_u2015-6-25
_xTEOLOGIA
_PP35
_0COMPRA
_o.STAFF. Colección General
980 _81
_gALBERTO SANCHEZ Responsable de Automatización